[Event "Saint-Lô Open-1400 Pro Evolution Echecs"]
[Site "?"]
[Date "2014.07.06"]
[Round "1.1"]
[White "Talbioui, Chirine"]
[Black "Hofer, Jill"]
[Result "0-1"]
[WhiteElo "1110"]
[BlackElo "1387"]
[PlyCount "52"]
[EventDate "2014.07.17"]
[SourceDate "2014.07.07"]

1. e4 c5 2. Nc3 Nc6 3. Nf3 d6 4. Bb5 Bd7 5. d3 Nf6 6. Bg5 h6 7. Bh4 e6 8. O-O
Be7 9. Re1 e5 10. a4 a6 11. Bc4 O-O 12. Ra3 Bg4 13. Rb3 Rb8 14. h3 Bh5 15. Rb6
Qxb6 16. Nd5 Qd8 17. c3 b5 18. axb5 axb5 19. Bb3 Na5 20. Ba2 Nxd5 21. Bxd5 Bxh4
22. Qa1 Bxf3 23. gxf3 Qg5+ 24. Kf1 Nb7 25. Qa7 Qd2 26. Bxb7 Qxf2# 0-1

[Event "Saint-Lô Open-1400 Pro Evolution Echecs"]
[Site "?"]
[Date "2014.07.06"]
[Round "1.3"]
[White "Lemarchand, Jules"]
[Black "Viard, Matteo"]
[Result "1-0"]
[WhiteElo "1100"]
[BlackElo "1370"]
[PlyCount "31"]
[EventDate "2014.07.17"]
[SourceDate "2014.07.07"]

1. e4 e6 2. Nf3 d5 3. Bb5+ Bd7 4. Nc3 c5 5. Ne5 Nf6 6. d3 a6 7. Bc4 dxc4 8.
dxc4 Nc6 9. Nd3 Nb4 10. Nxc5 Qc8 11. N3a4 Bxa4 12. Bg5 Qxc5 13. Bxf6 gxf6 14.
Qd2 Qxc4 15. Rd1 Bxc2 16. Qd7# 1-0

[Event "Saint-Lô Open-1400 Pro Evolution Echecs"]
[Site "?"]
[Date "2014.07.06"]
[Round "1.4"]
[White "Gallagher, Matthew"]
[Black "Pla-Gassol, Mathieu"]
[Result "1-0"]
[WhiteElo "1357"]
[BlackElo "1100"]
[PlyCount "97"]
[EventDate "2014.07.17"]
[SourceDate "2014.07.07"]

1. c4 e5 2. Nc3 Nc6 3. g3 Bc5 4. Bg2 Nf6 5. d3 Ng4 6. Ne4 Bb4+ 7. Bd2 Bxd2+ 8.
Qxd2 O-O 9. Nf3 Nf6 10. Qg5 Nxe4 11. Qxd8 Rxd8 12. dxe4 d6 13. O-O Bg4 14. Rad1
Bxf3 15. Bxf3 Nd4 16. Rd2 a6 17. Rfd1 b5 18. Rc1 c5 19. Bg2 Ra7 20. e3 Nc6 21.
Rcd1 Rad7 22. Bh3 f5 23. Bxf5 Nd4 24. exd4 cxd4 25. Bxd7 Rxd7 26. cxb5 axb5 27.
Rc2 d5 28. Rc5 dxe4 29. Rxe5 Ra7 30. Rxd4 b4 31. Rxb4 e3 32. Rxe3 h5 33. a3 h4
34. gxh4 g5 35. hxg5 Kg7 36. Re6 Kh7 37. Rbb6 Rc7 38. Rh6+ Kg7 39. Rbg6+ Kf7
40. Rh7+ Kxg6 41. Rxc7 Kxg5 42. a4 Kg4 43. Re7 Kf3 44. a5 Kg4 45. a6 Kh3 46. a7
Kg4 47. a8=Q Kh3 48. Qg8 Kh4 49. Rh7# 1-0

[Event "Saint-Lô Open-1400 Pro Evolution Echecs"]
[Site "?"]
[Date "2014.07.06"]
[Round "1.5"]
[White "Ancel, Killian"]
[Black "Lacatus, Gabriel"]
[Result "0-1"]
[WhiteElo "1099"]
[BlackElo "1340"]
[PlyCount "48"]
[EventDate "2014.07.17"]
[SourceDate "2014.07.07"]

1. e4 c5 2. Bc4 e6 3. Nc3 Nc6 4. Nge2 d5 5. Bb3 a6 6. d4 c4 7. Ba4 b5 8. b3
bxa4 9. bxa4 Be7 10. Bb2 Nf6 11. O-O O-O 12. Nf4 Bd6 13. Nh3 Qc7 14. f4 Rb8 15.
Bc1 Bb4 16. Ne2 Nxe4 17. c3 Nxc3 18. Nxc3 Bxc3 19. Bb2 Rxb2 20. Qh5 f6 21. f5
Qf7 22. Qg4 exf5 23. Qg3 Qg6 24. Qd6 Qxg2# 0-1

[Event "Saint-Lô Open-1400 Pro Evolution Echecs"]
[Site "?"]
[Date "2014.07.07"]
[Round "2.1"]
[White "Hoffer, Jill"]
[Black "Dantel, Thomas"]
[Result "0-1"]
[WhiteElo "1387"]
[BlackElo "1190"]
[PlyCount "54"]
[EventDate "2014.07.17"]
[SourceDate "2014.07.07"]

1. d4 b6 2. c4 Bb7 3. Nc3 g6 4. e4 Bg7 5. Nf3 e6 6. Bf4 a6 7. Be2 h6 8. Bg3 Ne7
9. e5 Nf5 10. d5 exd5 11. cxd5 O-O 12. e6 dxe6 13. dxe6 Qxd1+ 14. Rxd1 fxe6 15.
Bxc7 Bxc3+ 16. bxc3 b5 17. Ne5 Nc6 18. Nxg6 Rf7 19. Bf4 Nce7 20. Bh5 Nxg6 21.
Bxg6 Re7 22. O-O Kg7 23. Bxf5 exf5 24. Rd6 Rg8 25. Rxh6 Kf8 26. Bd6 Rxg2+ 27.
Kh1 Rg4+ 0-1

[Event "Saint-Lô Open-1400 Pro Evolution Echecs"]
[Site "?"]
[Date "2014.07.07"]
[Round "2.2"]
[White "Beneteaudesmoulieres, Elian"]
[Black "Cebron, Asja"]
[Result "0-1"]
[WhiteElo "1190"]
[BlackElo "1379"]
[PlyCount "88"]
[EventDate "2014.07.17"]
[SourceDate "2014.07.07"]

1. e4 c5 2. Nc3 d6 3. f4 e6 4. Nf3 Nc6 5. Bc4 Nf6 6. O-O a6 7. a4 d5 8. exd5
exd5 9. Qe1+ Be7 10. Bb3 O-O 11. d3 Re8 12. Qg3 Nh5 13. Qf2 Nf6 14. Bd2 b6 15.
Rfe1 c4 16. Ba2 Bb7 17. Kh1 cxd3 18. cxd3 Nb4 19. d4 Nd3 20. Qh4 Nxe1 21. Rxe1
Ne4 22. Qh5 Nxd2 23. Nxd2 Qd7 24. Nxd5 Qc6 25. Nf3 Qd6 26. Bb1 g6 27. Nxe7+
Rxe7 28. Qh4 Rxe1+ 29. Nxe1 Qxd4 30. Qe7 Qd1 31. Ba2 Bd5 32. Qe5 Bxa2 33. Qe3
Qb3 34. Qg1 Re8 35. Nf3 Rd8 36. Qf2 Qd1+ 37. Ng1 Qd2 38. Qxb6 Qd6 39. Qf2 Re8
40. h3 Qc6 41. Kh2 Qxa4 42. Nf3 Qxf4+ 43. g3 Qe4 44. Kh1 Bd5 0-1

[Event "Saint-Lô Open-1400 Pro Evolution Echecs"]
[Site "?"]
[Date "2014.07.07"]
[Round "2.3"]
[White "Debord, Nino"]
[Black "Gallagher, Matthew"]
[Result "0-1"]
[WhiteElo "1190"]
[BlackElo "1357"]
[PlyCount "74"]
[EventDate "2014.07.17"]
[SourceDate "2014.07.07"]

1. Nf3 d5 2. d4 e6 3. c4 Nf6 4. Nc3 c5 5. e3 Nc6 6. Bd3 cxd4 7. Nxd4 Bc5 8.
Nxc6 bxc6 9. O-O O-O 10. a3 a5 11. Na4 Bd6 12. c5 Bc7 13. f3 Ba6 14. b4 Qc8 15.
Bb2 Nd7 16. e4 Bxd3 17. Qxd3 Qa6 18. Qxa6 Rxa6 19. Rfe1 axb4 20. axb4 Rfa8 21.
Nb6 Nxb6 22. Rxa6 Rxa6 23. cxb6 Bxb6+ 24. Kf1 Ra2 25. Ra1 Rxa1+ 26. Bxa1 f6 27.
Ke2 Kf7 28. Kd3 Ke7 29. Bd4 Bxd4 30. Kxd4 Kd6 31. f4 e5+ 32. fxe5+ fxe5+ 33.
Kd3 c5 34. b5 d4 35. Kc4 Kc7 36. g4 g5 37. h3 Kb6 0-1

[Event "Saint-Lô Open-1400 Pro Evolution Echecs"]
[Site "?"]
[Date "2014.07.07"]
[Round "2.4"]
[White "Lacatus, Gabriel"]
[Black "Lamy, Robin"]
[Result "0-1"]
[WhiteElo "1340"]
[BlackElo "1190"]
[PlyCount "92"]
[EventDate "2014.07.17"]
[SourceDate "2014.07.07"]

1. e4 e5 2. Nf3 Nc6 3. Nc3 Bc5 4. Be2 Nd4 5. Nxd4 exd4 6. Nd5 Nf6 7. Nxf6+ Qxf6
8. O-O O-O 9. c3 Re8 10. d3 Qe5 11. Bd2 d5 12. exd5 Qxe2 13. Qxe2 Rxe2 14. Rad1
Bg4 15. b4 dxc3 16. Bxc3 Rc2 17. Rc1 Rxc1 18. Rxc1 Bd6 19. Re1 c5 20. dxc6 bxc6
21. Re4 Bf5 22. Re3 Rc8 23. f3 c5 24. bxc5 Bxc5 25. d4 Bb6 26. g4 Bd7 27. Kg2
h6 28. Rd3 Bb5 29. Rd2 Rxc3 30. d5 Rd3 31. Rxd3 Bxd3 32. d6 a5 33. d7 a4 34.
d8=Q+ Bxd8 35. a3 Be7 36. g5 hxg5 37. f4 gxf4 38. h4 Bxa3 39. h5 Bb4 40. h6
gxh6 41. Kg1 Kg7 42. Kh2 a3 43. Kg2 a2 44. Kh2 a1=Q 45. Kg2 Be4+ 46. Kh2 Qh1#
0-1

[Event "Saint-Lô Open-1400 Pro Evolution Echecs"]
[Site "?"]
[Date "2014.07.07"]
[Round "2.5"]
[White "Lemarchand, Justin"]
[Black "Bonnin, Mathurin"]
[Result "1-0"]
[WhiteElo "1190"]
[BlackElo "1320"]
[PlyCount "36"]
[EventDate "2014.07.17"]
[SourceDate "2014.07.07"]

1. e4 e5 2. Nf3 Nc6 3. d4 exd4 4. Nxd4 Nxd4 5. Qxd4 b6 6. Qd5 c6 7. Qe5+ Be7 8.
Qxg7 d5 9. Qxh8 Bh4 10. Be3 d4 11. Qxg8+ Kd7 12. Qxd8+ Kxd8 13. Bxd4 c5 14. Be3
Bf6 15. Nc3 b5 16. Bxb5 Rb8 17. Bc6 Rxb2 18. O-O Bxc3 {illisible} 1-0

[Event "Saint-Lô Open-1400 Pro Evolution Echecs"]
[Site "?"]
[Date "2014.07.07"]
[Round "3.1"]
[White "Cebron, Asja"]
[Black "Tapie, Lucien"]
[Result "1-0"]
[WhiteElo "1379"]
[BlackElo "1210"]
[PlyCount "71"]
[EventDate "2014.07.17"]
[SourceDate "2014.07.07"]

1. e4 d6 2. d4 e6 3. Nf3 Be7 4. Nc3 Nf6 5. Bd3 Nbd7 6. O-O a6 7. a4 O-O 8. Re1
e5 9. dxe5 dxe5 10. Bc4 c6 11. Bf1 Nc5 12. Qxd8 Rxd8 13. Nxe5 Re8 14. Bc4 Bd8
15. Bxf7+ Kf8 16. Bxe8 Kxe8 17. Nc4 Ba5 18. Nxa5 h6 19. Nc4 b5 20. axb5 cxb5
21. Nxb5 Bb7 22. Nc7+ Kd8 23. Nxa8 Bxa8 24. f3 Kc8 25. Nb6+ Kc7 26. Nxa8+ Kb7
27. Nb6 Kxb6 28. Be3 Kb5 29. Bxc5 Kxc5 30. Rxa6 Nxe4 31. Rxe4 g5 32. Ra5+ Kd6
33. Ree5 Kd7 34. Ra6 Kc7 35. Re7+ Kc8 36. Ra8# 1-0

[Event "Saint-Lô Open-1400 Pro Evolution Echecs"]
[Site "?"]
[Date "2014.07.07"]
[Round "3.2"]
[White "Gallagher, Matthew"]
[Black "Vanner, Alexander"]
[Result "1-0"]
[WhiteElo "1357"]
[BlackElo "1210"]
[PlyCount "109"]
[EventDate "2014.07.17"]
[SourceDate "2014.07.07"]

1. c4 b6 2. Nc3 Bb7 3. d4 Nf6 4. e3 d6 5. Nf3 Nbd7 6. Bd3 e5 7. d5 g6 8. O-O
Bg7 9. e4 Nc5 10. Bc2 O-O 11. b4 Ncd7 12. Be3 c5 13. bxc5 Nxc5 14. Bxc5 bxc5
15. h3 Ba6 16. Bd3 Nd7 17. Qa4 Qc8 18. Nb5 Nb6 19. Qb3 Qd7 20. a4 Bxb5 21. axb5
Qb7 22. Nd2 Bh6 23. Nb1 a5 24. Nc3 Bd2 25. Na4 Nxa4 26. Rxa4 Bb4 27. Qb2 Kg7
28. f4 f6 29. f5 Qd7 30. Qe2 Rh8 31. Qf3 Rhf8 32. Qg3 Ra6 33. h4 Rg8 34. h5 Kf7
35. hxg6+ hxg6 36. Qh4 Raa8 37. fxg6+ Rxg6 38. Qh7+ Rg7 39. Qh5+ Rg6 40. Rf3
Kg7 41. Rh3 Kf7 42. Rg3 Rag8 43. Be2 R8g7 44. Bg4 Qe8 45. Bf5 Kg8 46. Rxg6 Rxg6
47. Qxg6+ Qxg6 48. Bxg6 Kf8 49. b6 Ke7 50. b7 Kd7 51. Rxb4 axb4 52. b8=Q b3 53.
Bf5+ Ke7 54. Qc7+ Kf8 55. Bg6 1-0

[Event "Saint-Lô Open-1400 Pro Evolution Echecs"]
[Site "?"]
[Date "2014.07.07"]
[Round "3.3"]
[White "Tellier, Guilhem"]
[Black "Cotte, Corentin"]
[Result "0-1"]
[WhiteElo "1210"]
[BlackElo "1300"]
[PlyCount "74"]
[EventDate "2014.07.17"]
[SourceDate "2014.07.07"]

1. e4 e5 2. Nf3 Nc6 3. g3 Nf6 4. d3 Bc5 5. Bg2 d6 6. Be3 Bb6 7. O-O Bg4 8. Nc3
O-O 9. h3 Bh5 10. Bg5 h6 11. Bh4 g5 12. g4 Bg6 13. Bg3 Nd4 14. h4 Nxg4 15. Nxd4
Bxd4 16. Qxg4 Qf6 17. Nd5 Qd8 18. c3 Bc5 19. b4 Bb6 20. Nxb6 cxb6 21. f4 exf4
22. Be1 Qf6 23. hxg5 hxg5 24. Bf2 Qxc3 25. Qxg5 Kg7 26. Be1 Qxa1 27. Bh4 f6 28.
Qg4 Qd4+ 29. Kh1 Rh8 30. Rxf4 Raf8 31. Rf3 Rh6 32. Rg3 Rfh8 33. Qd7+ Kf8 34.
Qd8+ Be8 35. Rg8+ Rxg8 36. Kh2 Rxh4+ 37. Bh3 Qg1# 0-1

[Event "Saint-Lô Open-1400 Pro Evolution Echecs"]
[Site "?"]
[Date "2014.07.07"]
[Round "3.4"]
[White "Martinez Martinez, Mateo"]
[Black "Refahi, Youssef"]
[Result "1-0"]
[WhiteElo "1300"]
[BlackElo "1200"]
[PlyCount "83"]
[EventDate "2014.07.17"]
[SourceDate "2014.07.07"]

1. d4 d5 2. e3 Nc6 3. f4 Qd6 4. Nf3 Bg4 5. Bd3 Bxf3 6. Qxf3 e5 7. fxe5 Nxe5 8.
dxe5 Qxe5 9. e4 Bc5 10. Nc3 Bb4 11. Bd2 d4 12. Nd5 Bxd2+ 13. Kxd2 c6 14. Nf4
Nf6 15. Ne2 O-O 16. Qf4 Qa5+ 17. Kd1 Rad8 18. Qf5 Qb4 19. b3 Rfe8 20. e5 Nd5
21. Qxh7+ Kf8 22. Qh8+ Ke7 23. Qxg7 Ne3+ 24. Kc1 Qa3+ 25. Kb1 Rg8 26. Qf6+ Ke8
27. Bh7 Qc5 28. Nf4 d3 29. c4 d2 30. Bxg8 d1=Q+ 31. Rxd1 Rxd1+ 32. Kb2 Qd4+ 33.
Ka3 Rxa1 34. Qxf7+ Kd8 35. Ne6+ Kc8 36. Nxd4 a5 37. Qe6+ Kb8 38. Qe8+ Ka7 39.
Qd7 Kb6 40. Qd8+ Ka6 41. c5 b5 42. Qb6# 1-0

[Event "Saint-Lô Open-1400 Pro Evolution Echecs"]
[Site "?"]
[Date "2014.07.07"]
[Round "3.5"]
[White "Dautel, Thomas"]
[Black "Lemiere, Charlotte"]
[Result "0-1"]
[WhiteElo "1190"]
[BlackElo "1270"]
[PlyCount "136"]
[EventDate "2014.07.17"]
[SourceDate "2014.07.07"]

1. e4 e6 2. Nc3 d5 3. exd5 exd5 4. d4 Nf6 5. Nf3 Nc6 6. Bb5 Bd7 7. Bxc6 Bxc6 8.
Be3 Bd6 9. g3 h6 10. Nh4 Qd7 11. f3 O-O-O 12. Qd2 Rde8 13. O-O-O Bb4 14. a3 Ba5
15. Qd3 a6 16. Bd2 Bb5 17. Nxb5 Bxd2+ 18. Rxd2 Qxb5 19. Qxb5 axb5 20. Nf5 g6
21. Nh4 Re7 22. Ng2 Rhe8 23. c3 Re2 24. Rxe2 Rxe2 25. Ne1 Nd7 26. Nd3 Re3 27.
Re1 Rxe1+ 28. Nxe1 Nb6 29. b3 c6 30. Kc2 Kd7 31. Kd3 Kd6 32. f4 f6 33. Nf3 Ke6
34. h3 h5 35. h4 Nd7 36. Ke3 b6 37. b4 c5 38. dxc5 bxc5 39. bxc5 Nxc5 40. Nd4+
Ke7 41. Nxb5 Ne4 42. Kd4 Nxg3 43. Kxd5 Ne2 44. a4 Nxf4+ 45. Kc6 g5 46. Nc7 gxh4
47. a5 h3 48. a6 h2 49. a7 h1=Q+ 50. Kb6 Qg1+ 51. Kb7 Qb1+ 52. Kc8 Qa1 53. a8=Q
Qxa8+ 54. Nxa8 h4 55. c4 h3 56. c5 h2 57. c6 h1=Q 58. Kb7 Ne6 59. Nc7 f5 60.
Nxe6 Kxe6 61. Kb6 Qc1 62. c7 Kd7 63. c8=Q+ Qxc8 64. Kb5 Qc3 65. Ka4 Qb2 66. Ka5
Kc6 67. Ka4 Kc5 68. Ka5 Qb5# 0-1

[Event "Saint-Lô Open-1400 Pro Evolution Echecs"]
[Site "?"]
[Date "2014.07.08"]
[Round "4.1"]
[White "Hunter, Xenia"]
[Black "Cebron, Asjia"]
[Result "0-1"]
[WhiteElo "1253"]
[BlackElo "1379"]
[PlyCount "190"]
[EventDate "2014.07.17"]
[SourceDate "2014.07.07"]

1. c4 Nf6 2. Nc3 g6 3. g3 Bg7 4. Bg2 d6 5. d4 O-O 6. Bg5 c6 7. Nf3 Nbd7 8. O-O
Nb6 9. b3 c5 10. d5 Bf5 11. Rc1 Re8 12. Re1 Qc7 13. e4 Bd7 14. e5 dxe5 15. Nxe5
Bc8 16. Nb5 Qd8 17. Rc2 a6 18. Nc3 Qd6 19. Re3 Nbd7 20. Bxf6 Bxf6 21. Nxd7 Qxd7
22. Ne4 Bd4 23. Rf3 Qc7 24. Ng5 Bg4 25. Qd3 Bxf3 26. Qxf3 Rf8 27. Bh3 Qd6 28.
Ne4 Qb6 29. Re2 Rae8 30. Ng5 Qf6 31. Qxf6 Bxf6 32. Ne4 Bd4 33. Bd7 Rd8 34. Bh3
Kg7 35. Ng5 h6 36. Nf3 Bf6 37. Bg2 Rfe8 38. Rd2 Rd6 39. Rd1 e6 40. Kf1 exd5 41.
cxd5 Rh8 42. Ne1 Bd4 43. Nf3 Bc3 44. Ne1 Bxe1 45. Kxe1 Kf6 46. f4 g5 47. Ke2
gxf4 48. gxf4 Kf5 49. Ke3 Rg8 50. Bh3+ Kf6 51. Ke4 Re8+ 52. Kf3 b5 53. f5 c4
54. bxc4 bxc4 55. Rc1 Rxd5 56. Rxc4 Rd3+ 57. Kg4 Rg8+ 58. Kh4 Ke5 59. Rc5+ Rd5
60. Rxd5+ Kxd5 61. Bg4 Ke5 62. Bh3 Kf4 63. Bf1 Ra8 64. Kh5 a5 65. Kxh6 Rh8+ 66.
Kg7 Rxh2 67. Kxf7 Kxf5 68. a4 Ke5 69. Bb5 Kd5 70. Ke7 Kc5 71. Kd7 Ra2 72. Kc7
Kb4 73. Kc6 Rxa4 74. Bxa4 Kxa4 75. Kc5 Kb3 76. Kb5 a4 77. Kc5 a3 78. Kd4 a2 79.
Ke4 a1=Q 80. Kd5 Qc3 81. Ke4 Qd2 82. Ke5 Qd3 83. Kf4 Qe2 84. Kf5 Qe3 85. Kf6
Qe4 86. Kg5 Qf3 87. Kh4 Qg2 88. Kh5 Qg3 89. Kh6 Qg4 90. Kh7 Qg5 91. Kh8 Kc4 92.
Kh7 Kd5 93. Kh8 Ke6 94. Kh7 Kf7 95. Kh8 Qg7# 0-1

[Event "Saint-Lô Open-1400 Pro Evolution Echecs"]
[Site "?"]
[Date "2014.07.08"]
[Round "4.2"]
[White "Gheorghinoiu, Lucas"]
[Black "Gallagher, Matthiew"]
[Result "0-1"]
[WhiteElo "1230"]
[BlackElo "1357"]
[PlyCount "150"]
[EventDate "2014.07.17"]
[SourceDate "2014.07.07"]

1. e4 d6 2. d4 Nf6 3. Nc3 g6 4. Bc4 Bg7 5. Nf3 O-O 6. O-O Nbd7 7. a3 c5 8. d5
a6 9. Ba2 b5 10. b4 Qc7 11. Bd2 Nh5 12. g4 Nhf6 13. h3 h5 14. g5 Nh7 15. Re1
cxb4 16. axb4 Bxc3 17. Bxc3 Qxc3 18. Re3 Qg7 19. c4 Ne5 20. Nd2 Bd7 21. f4 Nxc4
22. Bxc4 bxc4 23. Nxc4 Bb5 24. Nd2 Qd4 25. Kf2 Rfc8 26. Qe1 Rc3 27. Rd1 Rxe3
28. Qxe3 Qxe3+ 29. Kxe3 Rc8 30. Kd4 Nf8 31. e5 Nd7 32. Ke4 Nb6 33. f5 dxe5 34.
Kxe5 Nc4+ 35. Nxc4 Rxc4 36. Rd4 Rxd4 37. Kxd4 Kf8 38. fxg6 fxg6 39. Ke5 Kf7 40.
h4 Bd7 41. Kd4 Ke8 42. Ke5 Bf5 43. d6 exd6+ 44. Kxd6 Kf7 45. Kc6 Bd3 46. Kd5
Ke7 47. Kd4 Bf5 48. Kc5 Ke6 49. Kc4 Be4 50. Kd4 Kf5 51. Kc4 Kg4 52. Kd4 Bf5 53.
Ke3 Kxh4 54. Kf4 Bb1 55. Ke3 Kg3 56. Kd2 h4 57. Kc1 h3 58. Kxb1 h2 59. Kc2 h1=Q
60. Kd2 Qh5 61. Kc3 Qxg5 62. Kc4 Qb5+ 63. Kc3 a5 64. bxa5 Qxa5+ 65. Kd4 Kf3 66.
Kd3 g5 67. Kc2 g4 68. Kd1 g3 69. Kc2 g2 70. Kd3 Qd5+ 71. Kc2 g1=Q 72. Kb2 Qb6+
73. Kc1 Qbc6+ 74. Kb1 Qdb5+ 75. Ka1 Qca6# 0-1

[Event "Saint-Lô Open-1400 Pro Evolution Echecs"]
[Site "?"]
[Date "2014.07.08"]
[Round "4.3"]
[White "Cotte, Corentin"]
[Black "Lamy, Robin"]
[Result "0-1"]
[WhiteElo "1300"]
[BlackElo "1190"]
[PlyCount "102"]
[EventDate "2014.07.17"]
[SourceDate "2014.07.07"]

1. e4 e5 2. Nf3 Nc6 3. Bb5 Nf6 4. O-O Nxe4 5. Re1 Nf6 6. Bxc6 dxc6 7. Rxe5+ Be7
8. Qe1 Qd6 9. Nc3 Ng4 10. Re4 Nf6 11. Re2 Be6 12. Ng5 Bd7 13. d4 h6 14. Nf3 Be6
15. Na4 b6 16. Bd2 O-O 17. Bb4 Qxb4 18. Rxe6 Qxe1+ 19. Raxe1 Nd5 20. Rxc6 Bf6
21. c4 Nf4 22. Rxc7 Nd3 23. Re3 Nf4 24. c5 Ne6 25. Rc6 Nxd4 26. Nxd4 Bxd4 27.
Rd3 bxc5 28. Nxc5 Bxc5 29. Rxc5 Rfe8 30. g3 Re2 31. Rb3 Kh7 32. Rc7 f6 33. Kg2
Kg6 34. Rbb7 Rg8 35. Rc5 f5 36. Ra5 Ra8 37. h4 Re4 38. Rbxa7 Rb8 39. b3 f4 40.
R7a6+ Kh7 41. Ra7 Rf8 42. f3 Re2+ 43. Kh3 fxg3 44. Kxg3 Re3 45. Kg2 Rexf3 46.
Re5 Rf2+ 47. Kg3 R8f3+ 48. Kg4 Rf4+ 49. Kh5 Rh2 50. Rxg7+ Kxg7 51. Re7+ Kf6 0-1

[Event "Saint-Lô Open-1400 Pro Evolution Echecs"]
[Site "?"]
[Date "2014.07.08"]
[Round "4.4"]
[White "Oudoire, Gatien"]
[Black "Martinez Martinez, Mateo"]
[Result "0-1"]
[WhiteElo "1210"]
[BlackElo "1300"]
[PlyCount "126"]
[EventDate "2014.07.17"]
[SourceDate "2014.07.07"]

1. e4 d6 2. d4 Nf6 3. Nc3 Nbd7 4. f3 e5 5. Bc4 c6 6. Be3 b5 7. Bb3 a5 8. a3 Qc7
9. Nge2 Nb6 10. d5 a4 11. Ba2 Nc4 12. Bxc4 bxc4 13. g4 Bb7 14. g5 Nd7 15. h4
Be7 16. Ng3 c5 17. Nf5 g6 18. Ng3 Bf8 19. h5 Bg7 20. h6 Bf8 21. Rf1 Be7 22. Qe2
Qd8 23. Qf2 Bxg5 24. Bxg5 Qxg5 25. f4 exf4 26. Qxf4 Qxf4 27. Rxf4 O-O 28. O-O-O
Ne5 29. Rdf1 Bc8 30. Nb5 Ra6 31. Nc7 Ra7 32. Ne6 Bxe6 33. dxe6 Nc6 34. c3 Ne5
35. Kd2 Re7 36. Rf6 Ng4 37. Rxf7 Rexf7 38. Rxf7 Rxf7 39. exf7+ Kxf7 40. Ke2
Nxh6 41. Kf3 Ng8 42. Kg4 h6 43. Kf4 Nf6 44. Kf3 Nh5 45. Ne2 Nf6 46. Kf4 d5 47.
e5 Nh5+ 48. Kg4 Ke6 49. Nf4+ Nxf4 50. Kxf4 g5+ 51. Kg4 Kxe5 52. Kh3 d4 53. Kg3
d3 54. Kf2 g4 55. Ke1 g3 56. Kf1 d2 57. Ke2 g2 58. Kxd2 g1=Q 59. Kc2 h5 60. Kd2
h4 61. Ke2 h3 62. Kd2 h2 63. Ke2 h1=Q 0-1

[Event "Saint-Lô Open-1400 Pro Evolution Echecs"]
[Site "?"]
[Date "2014.07.08"]
[Round "4.5"]
[White "Lemière, Charlotte"]
[Black "Pontis, Stanislav"]
[Result "0-1"]
[WhiteElo "1270"]
[BlackElo "1099"]
[PlyCount "86"]
[EventDate "2014.07.17"]
[SourceDate "2014.07.07"]

1. e4 e5 2. Nf3 Nc6 3. d4 exd4 4. Nxd4 Bc5 5. Nxc6 bxc6 6. Nc3 d6 7. Bf4 Nf6 8.
Bc4 O-O 9. O-O Re8 10. Re1 Bb4 11. f3 d5 12. exd5 Rxe1+ 13. Qxe1 cxd5 14. Bd3
d4 15. Bxc7 Qxc7 16. Nb5 Qe7 17. Qxe7 Bxe7 18. Nxd4 Bc5 19. c3 Bb7 20. Kf1 Rd8
21. Nb3 Bb6 22. Be2 Bd5 23. Rd1 Rb8 24. Nc1 Be3 25. Nb3 g6 26. Rd3 Bh6 27. Rd1
Bxb3 28. axb3 Rxb3 29. Rb1 Nd5 30. Ke1 Nxc3 31. Bd1 Rb6 32. Ra1 Rxb2 33. Rxa7
Rxg2 34. Bb3 Be3 35. Ra8+ Kg7 36. Bc4 Rxh2 37. Ra3 h6 38. Rb3 h5 39. Rb7 Rh4
40. Ba6 Ra4 41. Be2 Ra1+ 42. Rb1 Rxb1+ 43. Bd1 Rxd1# 0-1

[Event "Saint-Lô Open-1400 Pro Evolution Echecs"]
[Site "?"]
[Date "2014.07.08"]
[Round "5.1"]
[White "Cebron, Asja"]
[Black "Martinez Martinez, Mateo"]
[Result "1-0"]
[WhiteElo "1397"]
[BlackElo "1300"]
[PlyCount "78"]
[EventDate "2014.07.17"]
[SourceDate "2014.07.07"]

1. e4 d6 2. d4 Nf6 3. Nc3 Nbd7 4. Nf3 e5 5. dxe5 dxe5 6. Bc4 h6 7. O-O Bd6 8.
Re1 O-O 9. h3 c6 10. Qxd6 Nb6 11. Qxd8 Rxd8 12. Nxe5 Nxc4 13. Nxc4 Be6 14. Ne5
Re8 15. Nf3 Rad8 16. Bf4 Nh5 17. Bh2 f5 18. exf5 Bxf5 19. Rxe8+ Rxe8 20. g4
Bxc2 21. gxh5 Bf5 22. h4 Bg4 23. Kg2 Bxh5 24. Rd1 Bxf3+ 25. Kxf3 Rf8+ 26. Kg2
Rf7 27. Rd8+ Kh7 28. Ra8 a6 29. Ra7 g5 30. hxg5 hxg5 31. Ne4 Kg6 32. Bg3 Re7
33. Nc5 Kf5 34. Rxb7 Rxb7 35. Nxb7 g4 36. b4 Ke4 37. Nc5+ Kd4 38. Nxa6 Kc4 39.
a4 Kd5 1-0

[Event "Saint-Lô Open-1400 Pro Evolution Echecs"]
[Site "?"]
[Date "2014.07.08"]
[Round "5.2"]
[White "Gallagher, Matthieu"]
[Black "Lamy, Robin"]
[Result "1-0"]
[WhiteElo "1357"]
[BlackElo "1190"]
[PlyCount "119"]
[EventDate "2014.07.17"]
[SourceDate "2014.07.07"]

1. c4 b6 2. Nc3 e5 3. Nf3 Nc6 4. d3 Nf6 5. g3 Bc5 6. Bg2 Bb7 7. Nxe5 O-O 8. O-O
Re8 9. Nxc6 Bxc6 10. Bxc6 dxc6 11. Bg5 h6 12. Bxf6 Qxf6 13. Qc2 a6 14. Ne4 Qe5
15. Nxc5 Qxc5 16. e3 Qd6 17. d4 c5 18. Rad1 c6 19. b3 b5 20. cxb5 axb5 21. dxc5
Qe6 22. Rd6 Qe7 23. Rxc6 Rac8 24. Rxc8 Rxc8 25. b4 g6 26. Qb3 Rd8 27. Rd1 Kg7
28. Rxd8 Qxd8 29. Qc3+ f6 30. Qd4 Qe7 31. Qd6 Qe8 32. c6 Kf7 33. Qd7+ Qxd7 34.
cxd7 Ke7 35. Kf1 Kxd7 36. Ke2 Ke6 37. Kd3 Kd5 38. e4+ Ke5 39. f4+ Ke6 40. Kd4
g5 41. Kc5 gxf4 42. gxf4 f5 43. e5 Kf7 44. Kxb5 Kg6 45. Kc5 Kh5 46. b5 Kg4 47.
b6 Kxf4 48. b7 Kxe5 49. b8=Q+ Kf6 50. Qf4 Kg6 51. a4 h5 52. a5 h4 53. Qxh4 f4
54. Qxf4 Kh5 55. Qg3 Kh6 56. a6 Kh7 57. a7 Kh8 58. a8=Q+ Kh7 59. Qag8+ Kh6 60.
Qh3# 1-0

[Event "Saint-Lô Open-1400 Pro Evolution Echecs"]
[Site "?"]
[Date "2014.07.08"]
[Round "5.3"]
[White "Pontis, Stanislav"]
[Black "Escudie, Leo"]
[Result "1-0"]
[WhiteElo "1099"]
[BlackElo "1320"]
[PlyCount "87"]
[EventDate "2014.07.17"]
[SourceDate "2014.07.07"]

1. c4 Nf6 2. Nc3 d6 3. d4 Nc6 4. Bf4 g6 5. a3 Bg7 6. Nf3 O-O 7. e3 Nh5 8. Bd3
Nxf4 9. exf4 Nxd4 10. O-O Nxf3+ 11. Qxf3 c6 12. f5 Qc7 13. Rac1 Bd7 14. fxg6
fxg6 15. Qe3 Qb6 16. Qxe7 Qc7 17. b4 Rae8 18. Qh4 Bf6 19. Qh6 Bg7 20. Qd2 a5
21. b5 c5 22. Nd5 Qb8 23. Rfe1 Rxe1+ 24. Rxe1 Bd4 25. Rf1 Rf7 26. Qg5 Qf8 27.
Ne3 Bf6 28. Qg3 Be5 29. Qg5 Rf5 30. Nxf5 Bxf5 31. Bxf5 Qxf5 32. Qd8+ Kg7 33.
Qxa5 Qf4 34. g3 Qxc4 35. Qc7+ Qf7 36. b6 Qxc7 37. bxc7 Kg8 38. c8=Q+ Kg7 39.
Qxb7+ Kg8 40. a4 Kf8 41. a5 Ke8 42. a6 Kd8 43. a7 Ke8 44. a8=Q# 1-0

[Event "Saint-Lô Open-1400 Pro Evolution Echecs"]
[Site "?"]
[Date "2014.07.08"]
[Round "5.4"]
[White "Warnier, Yanis"]
[Black "Turcuman, Alexandru-Gabriel"]
[Result "0-1"]
[WhiteElo "1260"]
[BlackElo "1009"]
[PlyCount "20"]
[EventDate "2014.07.17"]
[SourceDate "2014.07.07"]

1. e4 c5 2. Nf3 e6 3. Nc3 d5 4. exd5 exd5 5. d4 c4 6. Be3 Nf6 7. Be2 Bb4 8. Qd2
Ne4 9. Qd1 Nxc3 10. bxc3 Bxc3+ 0-1

[Event "Saint-Lô Open-1400 Pro Evolution Echecs"]
[Site "?"]
[Date "2014.07.08"]
[Round "5.5"]
[White "Hofer, Jill"]
[Black "Bakalian, Nil"]
[Result "1-0"]
[WhiteElo "1387"]
[BlackElo "1088"]
[PlyCount "93"]
[EventDate "2014.07.17"]
[SourceDate "2014.07.07"]

1. d4 d6 2. c4 Nf6 3. Nc3 Nbd7 4. e4 e5 5. Nf3 Be7 6. Bg5 c6 7. c5 Qc7 8. cxd6
Bxd6 9. Bc4 b5 10. Bb3 b4 11. Ne2 Nxe4 12. Bh4 h6 13. Qd3 Nef6 14. h3 e4 15.
Qe3 Bf4 16. Nxf4 O-O 17. Nd2 Re8 18. Bg3 Qb6 19. Nc4 Qa6 20. Nd6 Re7 21. Bc4
Qb6 22. O-O Ba6 23. Bxa6 Qxa6 24. Qb3 Rb8 25. a3 bxa3 26. Qxa3 Qxa3 27. Rxa3
Rxb2 28. Rxa7 Rd2 29. Ra5 Rxd4 30. Nf5 Re5 31. Rxe5 Nxe5 32. Nxd4 c5 33. Nc2
Nd3 34. Nxd3 exd3 35. Ne3 g5 36. Rd1 h5 37. Rxd3 Nh7 38. Nf5 c4 39. Rc3 h4 40.
Bd6 f6 41. Rxc4 Kf7 42. Re4 Kg6 43. Ne7+ Kh5 44. g4+ Kh6 45. Nf5+ Kg6 46. Re7
Nf8 47. Rg7# 1-0